Statistics for 10 Oldest Living NBA 75th Anniversary Team Members

Click here to take the quiz!

General Stats

  • This quiz has been taken 21 times
  • The average score is 4 of 10

Answer Stats

AgePlayer% Correct
88Bill Russell
83%
93Bob Cousy
72%
89Bob Pettit
56%
83Jerry West
39%
79Willis Reed
39%
83Oscar Robertson
33%
78Billy Cunningham
17%
82Jerry Lucas
11%
84Lenny Wilkens
11%
78Dave Bing
6%

Score Distribution

Percentile by Number Answered

Percent of People with Each Score

Your Score History

You have not taken this quiz